000
00325nam a22001457a 4500
020
_a
978-81-82614-247-8
082
_a
894.812.3
_b
MUH/K
100
_a
MUHAMMED K.T
245
_a
KETEYUDE NALU NADAKANGAM
260
_a
KOZHIKODE
_b
MATHRUBHUMI BOOKS
_c
2008
300
_a
244
520
_a
NOVEL
650
_a
NOVEL
942
_c
BK
999
_c
5079
_d
5079